000 01964nam a2200301Ia 4500
003 PE SENCICO BE
005 20251020182435.0
008 200515s9999 xx 000 0 und d
020 _a92-9088-048-X
040 _aPE SENCICO BE
_cPE SENCICO BE
041 _aspa
082 _a378.1
_bG18
100 1 _aGaleano Ramírez, Alberto
_92979
_eautor
245 1 0 _aHacia una transformación institucional en la educación técnica y la formación profesional :
_bpolíticas, estrategias, métodos para la acción /
_cAlberto Galeano Ramirez
250 _a1a ed.
260 _aMontevideo :
_bCinterfor ;
_bOIT ;
_c1994
300 _a138 páginas :
_btablas, gráficos ;
_c23 cm.
490 _aEstudios y monografías ;
_vNº 78
505 0 _aSi no sabes para donde vas, es posible que termines en otro lugar -- El imperioso cambio organizacional en el mundo de hoy -- La transformación institucional y sus instrumentos metodológicos -- Transformación institucional y apertura al mercado laboral -- Transformación institucional y modernización técnico-pedagógica -- Transformación institucional y nuevos sistemas de gestión y desempeño organizacional -- Plan de acción para impulsar la transformación institucional de la educación técnico-profesional
520 3 _aLineamientos para una indispensable transformación institucional de la educación técnico-profesional. La precede una profunda reflexión sobre los cambios que vive la sociedad actual y la imperiosa mutación de las organizaciones que nos rigen. Analiza los instrumentos metodológicos para esa transformación, plantea la apertura al mercado laboral de las instituciones técnico profesional como un mandato permanente.
650 1 0 _aFormación profesional
_91311
650 2 0 _aEducación técnica
_92705
650 2 0 _aGestión educacional
_92436
650 2 0 _aCambio organizacional
_92330
650 2 0 _aPUB CINTERFOR
_92462
650 2 0 _aPUB OIT
_92507
942 _cLIB
_2ddc
999 _c358
_d358